000 00437nam a2200181Ia 4500
001 18926
005 20260306171706.0
008 260306s9999||||xx |||||||||||||| ||und||
041 _aESP
082 _a658.562
_bG96C 2009
100 _aGutiérrez Pulido, Humberto
_eAUT
245 0 _aControl estadístico de calidad y seis sigma
260 _c2009
300 _a
_c
650 _aGEN
654 _aCAN
942 _cLIB
_dJUS
_fJUS
_2ddc
_n
999 _c18926
_d18926